| 000 | 00661nam a2200169 a 4500 | ||
|---|---|---|---|
| 005 | 20210219160453.0 | ||
| 008 | 081109s2002 mx r 000 0 spa d | ||
| 035 | _aUPN01000166151 | ||
| 049 | _aUNE | ||
| 080 | _a37.017.4 (729) =20 "2002" CUR. | ||
| 245 | 0 | 0 | _aCurriculum development for learning to live together: The Caribbean Subregion: The Final report of the Subregional seminar held in Havana, Cuba, 15-18 may, 2001/ Edited by Isabel Byron; Saskia Rozemeijer. |
| 260 |
_aGeneve : _bIBE; _aCuba : _bMinistry of Education, _c2002. |
||
| 300 |
_a69 p. ; _bil. |
||
| 690 | _aEducación cívica | ||
| 690 | _aDesarrollo de los currículos | ||
| 905 | _aUNESCO | ||
| 999 |
_c138263 _d138263 |
||